[Event "Santiago Region-ch (Women) 4th"]
[Site "Santiago de Chile"]
[Date "2018.09.29"]
[Round "1.4"]
[White "Cordova Melendez, Ignacia Dani"]
[Black "Varela Varas, Patricia"]
[Result "0-1"]
[WhiteElo "1049"]
[BlackElo "1578"]
[PlyCount "26"]
[EventDate "2018.09.29"]
[EventType "swiss"]
[EventRounds "6"]
[EventCountry "CHI"]
[SourceTitle "EXT 2024"]
[Source "ChessBase"]
[SourceDate "2023.10.10"]
[SourceVersion "1"]
[SourceVersionDate "2023.10.10"]
[SourceQuality "1"]

1. e4 e5 2. Nf3 Nc6 3. Bb5 a6 4. Bc4 Bc5 5. 0-0 d6 6. Nc3 Bg4 7. d3 Nd4 8. h3 Nxf3+ 9. gxf3 Bxh3 10. Re1 Qh4 11. Kh2 Bf1+ 12. Kg1 Qxf2+ 13. Kh1 Qg2# 0-1